00777 a2200181 45000010006000000050017000060080041000230030015000640400040000790800022001192450058001412640045001993000019002445050267002631000020005307000022005507000023005725491420260407155824.0260407a1967 arg spa dAR-UNSa-BCEJYS aAR-UNSa-BCEJYSbspacAR-UNSa-BCEJYS a316xSociología10aLa sociología y la teoría moderna de los sistemas 1aBuenos Aires :bAmorrortu Editoresc1967 a321 p.c19 cm. a1. Introducción - 2. Modelos de sistema social - 3. Sistemas - 4. La organización y su génesis: Actos e interacciones - 5. La organización y su génesis: Roles e instituciones - 6. El control social: desviación,poder y procesos de retroalimentación 1 aBuckley, Walter1 aLeal, Aníbal C.1 aLlach, Juan José